|
|
|
|
| LEADER |
00000nam0a2200000 4500 |
| 001 |
42579 |
| 005 |
20231031015526.0 |
| 010 |
|
|
|a 5743308500
|
| 035 |
|
|
|a (RuTPU)RU\TPU\book\43893
|
| 090 |
|
|
|a 42579
|
| 100 |
|
|
|a 20020909d2001 m y0rusy50 ca
|
| 101 |
0 |
|
|a rus
|
| 102 |
|
|
|a RU
|
| 105 |
|
|
|a a j 000zy
|
| 200 |
1 |
|
|a Социальная философия
|e Хрестоматия
|f Саратовский государственный технический университет; сост. Д. И. Заров; Под ред. А. С. Борщова
|
| 205 |
|
|
|a 3-е изд., перераб. и доп.
|
| 210 |
|
|
|a Саратов
|c Изд-во Саратовского ГТУ
|d 2001
|
| 215 |
|
|
|a 78 с.
|
| 610 |
1 |
|
|a философия
|
| 610 |
1 |
|
|a социальная философия
|
| 610 |
1 |
|
|a человек
|
| 610 |
1 |
|
|a общество
|
| 610 |
1 |
|
|a хрестоматии
|
| 610 |
1 |
|
|a учебные пособия
|
| 686 |
|
|
|a Ю6я73
|v LBC/SL-A
|2 rubbk
|
| 702 |
|
1 |
|a Заров
|b Д. И.
|4 220
|
| 702 |
|
1 |
|a Борщов
|b А. С.
|4 340
|
| 712 |
0 |
2 |
|a Саратовский государственный технический университет
|2 stltpush
|3 (RuTPU)RU\TPU\col\95
|
| 801 |
|
1 |
|a RU
|b 63413507
|c 20020909
|g PSBO
|
| 801 |
|
2 |
|a RU
|b 63413507
|c 20180910
|g PSBO
|
| 942 |
|
|
|c BK
|